000 00955nam a2200289 i 4500
001 70795
003 Mx-PuUPA
005 20240124102705.0
008 240123s2005 nyu gr 001 0 eng d
020 _a9780385339032
040 _aMx-PuUPA
_bspa
_cMx-PuUPA
_dMx-PuUPA
_erda
041 0 _aeng
100 1 _aField, Syd,
_d1935-2013
_915258
_eautor
245 1 0 _aScreenplay :
_bthe foundations of screenwriting /
_cSyd Field
250 _aRevised edition
264 1 _aNew York, New York :
_bDelta Book,
_c2005
300 _a319 páginas ;
_c21 cm
336 _2rdacontent
_atexto
_btxt
337 _2rdamedia
_asin medio
_bn
338 _2rdacarrier
_avolumen
_bnc
650 7 _2armarc
_aArte de escribir para el cine
942 _2ddc
_cLI
_h808.23
_iF452
999 _c70795
_d70795